| 000 | 00402nam a2200169Ia 4500 | ||
|---|---|---|---|
| 003 | 0STCL | ||
| 008 | 150530s9999 xx 000 0 und d | ||
| 040 |
_aSTCL _cSTCL |
||
| 100 | _aJagadish Datta Sharma | ||
| 245 | _aHindi Ekahki Aur Kankikar | ||
| 260 |
_bAkhil Bharatiya Vikram Parishad _c1983 |
||
| 300 | _a0 | ||
| 546 | _aHindi | ||
| 942 |
_2ddc _cBK |
||
| 999 |
_c65010 _d65010 |
||
| 005 | 20220125171257.0 | ||